000
00306nam a2200133Ia 4500
008
191201s2011 xx 000 0 und d
082
_a
004
_b
RAF
100
_a
RAJARAMAN,V
245
0
_a
Fundamentals of computers
250
_a
5th
260
_c
2011
_b
PHI
_a
NEW DELHI
300
_a
438
942
_2
ddc
_c
BK
_0
17
999
_c
7768
_d
7768